LEADER 01729nam 2200397 a 450 001 9910703101703321 005 20110824161922.0 035 $a(CKB)3460000000108978 035 $a(OCoLC)742655423 035 $a(EXLCZ)993460000000108978 100 $a20110726d2011 ua 0 101 0 $aeng 135 $aurbn||||a|||| 181 $ctxt$2rdacontent 182 $cc$2rdamedia 183 $acr$2rdacarrier 200 10$aFederal information security$b[electronic resource] $ecurrent challenges and future policy considerations : hearing before the Subcommittee on Government Management, Organization, and Procurement of the Committee on Oversight and Government Reform, House of Representatives, One Hundred Eleventh Congress, second session, March 24, 2010 210 1$aWashington :$cU.S. G.P.O.,$d2011. 215 $a1 online resource (iii, 106 pages) $cillustrations 300 $aTitle from title screen (viewed on July 26, 2011). 300 $aPaper version available for sale by the Supt. of Docs., U.S. G.P.O. 300 $a"Serial no. 111-145." 320 $aIncludes bibliographical references. 517 $aFederal information security 606 $aElectronic government information$xAccess control$zUnited States 606 $aDatabase security$xGovernment policy$zUnited States 606 $aAdministrative agencies$xInformation technology$zUnited States 615 0$aElectronic government information$xAccess control 615 0$aDatabase security$xGovernment policy 615 0$aAdministrative agencies$xInformation technology 801 0$bGPO 801 1$bGPO 906 $aBOOK 912 $a9910703101703321 996 $aFederal information security$92884907 997 $aUNINA